- Utopías
Entry Materia
001 - NÚMERO DE CONTROL DEL REGISTRO
- campo de control: 17449
003 - IDENTIFICADOR DE NUMERO DE CONTROL
- campo de control: UPN
005 - FECHA Y HORA DE LA ÚLTIMA TRANSACCIÓN
- campo de control: 20240924114241.0
008 - DATOS DE LONGITUD FIJA
- campo de control de longitud fija: 221202n||acnnnbabn | ana |d
035 ## - NÚMERO DE CONTROL DEL SISTEMA
- Número de control del sistema: UPN10000017457
040 ## - FUENTE DE LA CATALOGACIÓN
- Centro catalogador de origen: MX-MxUPN
- Lengua de catalogación: spa
- Agencia de transcripción: MX-MxUPN
046 ## - FECHAS CON CODIFICACIÓN ESPECIAL
- Fecha final para contenidos agregados: 220610
053 #4 - NÚMERO CLASIFICADOR - BIBLIOTECA DEL CONGRESO (LC)
- Elemento numérico de la clasificación - Número único o no. inicial del rango: HX806
- Elemento numérico de la clasificación - Número único o no. final del rango: HX811
150 ## - ENCABEZAMIENTO - TEMÁTICO
- Término de materia o nombre geográfico como elemento inicial: Utopías
450 ## - VÉASE - MATERIA
- Encabezamiento temático: Estado ideal
450 ## - VÉASE - MATERIA
- Encabezamiento temático: Literatura utópica
550 ## - VÉASE ADEMÁS - MATERIA
- Subcampo de control: h
- Encabezamiento temático o nombre geográfico como elemento de entrada: Ciencia política
550 ## - VÉASE ADEMÁS - MATERIA
- Subcampo de control: h
- Encabezamiento temático o nombre geográfico como elemento de entrada: Socialismo
550 ## - VÉASE ADEMÁS - MATERIA
- Subcampo de control: h
- Encabezamiento temático o nombre geográfico como elemento de entrada: Distopías
670 ## - FUENTE EN LA QUE SE LOCALIZARON DATOS
- Cita de la fuente: DGB UNAM, 2 diciembre 2022:
- Información localizada: (Utopías)
902 ## - CATALOGADOR
- Catalogador: MEEG/250996
